[Event "Africa-ch rapid"]
[Site "Accra"]
[Date "2024.03.10"]
[Round "3"]
[White "Kigigha, Bomo"]
[Black "Amin, Bassem"]
[Result "0-1"]
[WhiteElo "2231"]
[BlackElo "2670"]
[PlyCount "64"]
[EventDate "2024.03.07"]
[EventType "swiss (rapid)"]
[EventRounds "6"]
[EventCountry "GHA"]
[SourceTitle "CB15_2024"]
[SourceDate "2024.04.10"]
[SourceVersion "1"]
[SourceVersionDate "2024.04.10"]
[SourceQuality "1"]

1. Nf3 Nf6 2. g3 g6 3. Bg2 Bg7 4. d4 0-0 5. 0-0 d6 6. b3 e5 7. dxe5 dxe5 8. Bb2 e4 9. Qxd8 Rxd8 10. Ng5 Bf5 11. Na3 h6 12. Nh3 Nc6 13. Rad1 g5 14. Nb5 a6 15. Nxc7 Rac8 16. Bxf6 Bxf6 17. Nd5 Bg7 18. e3 Bg4 19. Rd2 Kf8 20. c4 Ne5 21. Kh1 b5 22. Ng1 Nf3 23. Bxf3 exf3 24. h3 Bf5 25. Rfd1 bxc4 26. bxc4 Rxc4 27. Nxf3 Be4 28. Kg2 h5 29. g4 f5 30. Kg3 h4+ 31. Kg2 fxg4 32. hxg4 Rc6 0-1

[Event "Bundesliga 2324"]
[Site "Germany"]
[Date "2024.02.03"]
[Round "7.4"]
[White "Kjartansson, Gudmundur"]
[Black "Amin, Bassem"]
[Result "1/2-1/2"]
[WhiteElo "2453"]
[BlackElo "2680"]
[PlyCount "123"]
[EventDate "2023.10.21"]
[EventType "team-tourn"]
[EventRounds "15"]
[EventCountry "GER"]
[SourceTitle "CB06_2024"]
[SourceDate "2024.02.07"]
[SourceVersion "1"]
[SourceVersionDate "2024.02.07"]
[SourceQuality "1"]
[WhiteTeam "Muenchen Zugzwang"]
[BlackTeam "Viernheim"]
[WhiteTeamCountry "GER"]
[BlackTeamCountry "GER"]

1. e4 e5 2. Nf3 Nc6 3. Bb5 a6 4. Ba4 Nf6 5. 0-0 Be7 6. Re1 b5 7. Bb3 d6 8. c3 0-0 9. h3 Nb8 10. d4 Nbd7 11. c4 c6 12. a3 Bb7 13. Nc3 exd4 14. Nxd4 Nc5 15. cxb5 cxb5 16. Bc2 Re8 17. Nf5 Bf8 18. f3 Rc8 19. Bg5 Ne6 20. Bh4 Qb6+ 21. Bf2 Qd8 22. Bb3 g6 23. Ne3 Nf4 24. Qd2 d5 25. Nexd5 N6xd5 26. Bxd5 Qg5 27. Be3 Bc5 28. Bxb7 Rcd8 29. Bd5 Bxe3+ 30. Rxe3 Nxd5 31. Nxd5 Rxd5 32. Qf2 Rd4 33. f4 Qf6 34. Rae1 Red8 35. Kh2 Rd2 36. R1e2 Qxb2 37. e5 Rxe2 38. Rxe2 Qd4 39. Qf3 Qd5 40. Qe3 Qd4 41. Qf3 Qd5 42. Qe3 Qe6 43. Rf2 Rd5 44. Rf3 a5 45. Qc3 a4 46. Qe3 Qf5 47. Qc3 h6 48. Qc6 Rd4 49. e6 Qxe6 50. Qxb5 Qd6 51. Qe8+ Kg7 52. Qe3 g5 53. Qe5+ Qxe5 54. fxe5 Re4 55. Rc3 h5 56. Rc5 Re3 57. e6 f6 58. Rc7+ Kg6 59. Rc4 Rxe6 60. Rxa4 Re3 61. g4 h4 62. Ra7 1/2-1/2

[Event "FIDE Grand Swiss"]
[Site "Douglas"]
[Date "2023.11.05"]
[Round "11"]
[White "Amin, Bassem"]
[Black "Jumabayev, Rinat"]
[Result "1-0"]
[WhiteElo "2680"]
[BlackElo "2585"]
[PlyCount "108"]
[EventDate "2023.10.25"]
[EventType "swiss"]
[EventRounds "11"]
[EventCountry "IOM"]
[SourceTitle "Mega2024 Update 01"]
[Source "Chessbase"]
[SourceDate "2023.11.12"]
[SourceVersion "1"]
[SourceVersionDate "2023.11.12"]
[SourceQuality "1"]

1. e4 e5 2. Nf3 Nc6 3. d4 exd4 4. Nxd4 Nf6 5. Nxc6 bxc6 6. e5 Qe7 7. Qe2 Nd5 8. h4 a5 9. c4 Ba6 10. Nd2 Nb6 11. b3 a4 12. Bb2 Bb7 13. 0-0-0 axb3 14. axb3 Qe6 15. Ne4 Ba3 16. Bxa3 Rxa3 17. Qb2 Ra5 18. Bd3 Qxe5 19. c5 Qxb2+ 20. Kxb2 Nd5 21. Ng5 0-0 22. Bxh7+ Kh8 23. Bf5 Rxc5 24. Bxd7 Nb4 25. Rd4 Rb5 26. Rc1 Rb6 27. Bf5 g6 28. Be4 c5 29. Rxc5 Bxe4 30. Nxe4 c6 31. Nd6 Kg7 32. Nc4 Rb7 33. Na5 Rb6 34. Ka3 Rb5 35. Rxb5 Nc2+ 36. Kb2 Nxd4 37. Re5 Rd8 38. g3 Ne6 39. Kc3 Kf6 40. Re2 c5 41. Rd2 Ra8 42. Nb7 Ke7 43. Rd5 Ra2 44. Nxc5 Nxc5 45. Rxc5 Kd6 46. b4 Rxf2 47. Kb3 f5 48. Rc2 Rf1 49. b5 Kd7 50. Rc6 Rb1+ 51. Ka4 Rg1 52. Rc3 Ra1+ 53. Kb4 Ra2 54. b6 Kd6 1-0

[Event "EU-Cup 38th"]
[Site "Durres"]
[Date "2023.10.04"]
[Round "4.2"]
[White "Anand, Viswanathan"]
[Black "Amin, Bassem"]
[Result "1/2-1/2"]
[WhiteElo "2754"]
[BlackElo "2680"]
[PlyCount "103"]
[EventDate "2023.10.01"]
[EventType "team-swiss"]
[EventRounds "7"]
[EventCountry "ALB"]
[SourceTitle "EXT 2024"]
[Source "ChessBase"]
[SourceDate "2023.10.10"]
[SourceVersion "1"]
[SourceVersionDate "2023.10.10"]
[SourceQuality "1"]
[WhiteTeam "Superchess"]
[BlackTeam "Viernheim"]
[WhiteTeamCountry "ROU"]
[BlackTeamCountry "GER"]

1. e4 e5 2. Nf3 Nc6 3. Bb5 Nf6 4. d3 Bc5 5. Nbd2 0-0 6. Nb3 Bb6 7. Bxc6 bxc6 8. a4 a5 9. Nxe5 d5 10. 0-0 dxe4 11. d4 Nd7 12. Nxd7 Qxd7 13. Be3 Ba6 14. Re1 Rad8 15. Nc5 Bxc5 16. dxc5 Qe6 17. Qc1 f5 18. Bf4 Rd5 19. Bxc7 Rxc5 20. b3 Rf7 21. Bf4 Rd5 22. Qe3 c5 23. Rad1 c4 24. Rxd5 Qxd5 25. Qb6 Rf6 26. Qb8+ Rf8 27. Qa7 Ra8 28. Qb6 h6 29. h4 cxb3 30. cxb3 Bb7 31. Be3 Kh7 32. h5 Ra6 33. Qb5 Rf6 34. Bf4 Qxb5 35. axb5 Rb6 36. Rc1 Rxb5 37. Rc7 Bd5 38. Be5 Rb7 39. Rxb7 Bxb7 40. Bc3 Bd5 41. Bxa5 Bxb3 42. f4 Bf7 43. Kf2 Bxh5 44. Bc3 g5 45. fxg5 hxg5 46. g3 Kg6 47. Bd2 Bf3 48. Be3 Kh5 49. Bc1 Kg4 50. Be3 f4 51. gxf4 gxf4 52. Bc1 1/2-1/2

[Event "EU-Cup 38th"]
[Site "Durres"]
[Date "2023.10.03"]
[Round "3.1"]
[White "Amin, Bassem"]
[Black "Shirov, Alexei"]
[Result "1/2-1/2"]
[WhiteElo "2680"]
[BlackElo "2655"]
[PlyCount "101"]
[EventDate "2023.10.01"]
[EventType "team-swiss"]
[EventRounds "7"]
[EventCountry "ALB"]
[SourceTitle "EXT 2024"]
[Source "ChessBase"]
[SourceDate "2023.10.10"]
[SourceVersion "1"]
[SourceVersionDate "2023.10.10"]
[SourceQuality "1"]
[WhiteTeam "Viernheim"]
[BlackTeam "Zuerich SG"]
[WhiteTeamCountry "GER"]
[BlackTeamCountry "SUI"]

1. Nf3 d5 2. g3 Nf6 3. Bg2 c6 4. c4 g6 5. b3 Bg7 6. Bb2 0-0 7. 0-0 a5 8. d3 a4 9. b4 dxc4 10. dxc4 Qxd1 11. Rxd1 Be6 12. Na3 Na6 13. Bc3 Rfd8 14. Nd4 Nc7 15. Nxe6 Nxe6 16. b5 Rxd1+ 17. Rxd1 Rc8 18. bxc6 bxc6 19. Nc2 Nc5 20. Bb4 Nfe4 21. Bxc5 Nxc5 22. Nb4 e6 23. Nxc6 Rc7 24. Nb4 Bc3 25. Nc2 Rd7 26. Rxd7 Nxd7 27. Bc6 Nc5 28. Kf1 Kf8 29. e3 Ke7 30. Ke2 f5 31. Nd4 e5 32. Nb5 Ba5 33. f3 g5 34. g4 f4 35. exf4 exf4 36. Kd1 Kf6 37. Kc2 Ke5 38. Bd5 Na6 39. Be4 h6 40. Na7 Bb6 41. Nc6+ Kd6 42. Kc3 a3 43. Nd4 Ke5 44. Nc6+ Kd6 45. h3 Nc5 46. Bd5 Ne6 47. Nb4 Nc5 48. Nc2 Ba5+ 49. Kd4 Bd8 50. Kc3 Ba5+ 51. Kd4 1/2-1/2

[Event "ESP-chT Rapid"]
[Site "Ubeda"]
[Date "2023.09.23"]
[Round "2.4"]
[White "Amin, Bassem"]
[Black "Moreno Royano, Victor"]
[Result "1-0"]
[WhiteElo "2682"]
[BlackElo "2194"]
[PlyCount "65"]
[EventDate "2023.09.23"]
[EventType "team-swiss (rapid)"]
[EventRounds "9"]
[EventCountry "ESP"]
[SourceTitle "EXT 2024"]
[Source "ChessBase"]
[SourceDate "2023.10.10"]
[SourceVersion "1"]
[SourceVersionDate "2023.10.10"]
[SourceQuality "1"]
[WhiteTeam "Andreu Paterna"]
[BlackTeam "Gambito CC"]
[WhiteTeamCountry "ESP"]
[BlackTeamCountry "ESP"]

1. e4 e5 2. Nf3 Nc6 3. Bc4 Bc5 4. d3 Nf6 5. 0-0 0-0 6. h3 h6 7. Re1 d6 8. c3 a5 9. Bb3 Be6 10. Bc2 d5 11. exd5 Nxd5 12. Nbd2 Bd6 13. Nc4 Qf6 14. Ba4 Nde7 15. Qe2 Bxc4 16. dxc4 Ng6 17. Qe4 Nd8 18. Be3 Qe7 19. Rad1 c6 20. Qd3 Bc5 21. Qf5 Bxe3 22. Rxe3 Re8 23. Bc2 Qc5 24. Rd7 Re6 25. Rxf7 Nxf7 26. Qxe6 Nf8 27. Qf5 Re8 28. Qh5 Re6 29. Nd2 g6 30. Qe2 Kg7 31. Ne4 Qe7 32. c5 Nd7 33. Bb3 1-0

[Event "ESP-chT CECLUB Honor"]
[Site "Linares"]
[Date "2023.09.22"]
[Round "7.2"]
[White "Naiditsch, Arkadij"]
[Black "Amin, Bassem"]
[Result "0-1"]
[WhiteElo "2651"]
[BlackElo "2682"]
[PlyCount "82"]
[EventDate "2023.09.16"]
[EventType "team-tourn"]
[EventRounds "7"]
[EventCountry "ESP"]
[SourceTitle "EXT 2024"]
[Source "ChessBase"]
[SourceDate "2023.10.10"]
[SourceVersion "1"]
[SourceVersionDate "2023.10.10"]
[SourceQuality "1"]
[WhiteTeam "Taldea Gros Xake"]
[BlackTeam "Andreu Paterna"]
[WhiteTeamCountry "ESP"]
[BlackTeamCountry "ESP"]

1. e4 e5 2. Nf3 Nc6 3. Bb5 a6 4. Ba4 Nf6 5. 0-0 Be7 6. Re1 b5 7. Bb3 d6 8. c3 0-0 9. d4 Bg4 10. d5 Na5 11. Bc2 Qc8 12. h3 Bd7 13. Nbd2 c6 14. b4 Nb7 15. Nf1 a5 16. Bb2 cxd5 17. exd5 Bf5 18. Bxf5 Qxf5 19. Nd4 exd4 20. Rxe7 dxc3 21. Bxc3 Nxd5 22. Ng3 Qg5 23. Rxb7 Nxc3 24. Qxd6 Rad8 25. Rd7 Rxd7 26. Qxd7 axb4 27. Re1 Qd8 28. Qg4 Qd2 29. Re5 g6 30. Nf5 Kh8 31. Ne7 Qd6 32. f4 Nxa2 33. Qh4 Nc3 34. Qh6 Rd8 35. Nc6 Qxc6 36. Rh5 Kg8 37. Qxh7+ Kf8 38. Qh8+ Ke7 39. Re5+ Kd7 40. Qg7 Qc4 41. f5 Kc8 0-1

[Event "ESP-chT CECLUB Honor"]
[Site "Linares"]
[Date "2023.09.20"]
[Round "5.3"]
[White "Martirosyan, Haik M"]
[Black "Amin, Bassem"]
[Result "1-0"]
[WhiteElo "2688"]
[BlackElo "2682"]
[PlyCount "95"]
[EventDate "2023.09.16"]
[EventType "team-tourn"]
[EventRounds "7"]
[EventCountry "ESP"]
[SourceTitle "EXT 2024"]
[Source "ChessBase"]
[SourceDate "2023.10.10"]
[SourceVersion "1"]
[SourceVersionDate "2023.10.10"]
[SourceQuality "1"]
[WhiteTeam "Solvay"]
[BlackTeam "Andreu Paterna"]
[WhiteTeamCountry "ESP"]
[BlackTeamCountry "ESP"]

1. d4 Nf6 2. c4 g6 3. Nc3 Bg7 4. e4 d6 5. Be2 0-0 6. Be3 Nc6 7. d5 Ne5 8. f4 Neg4 9. Bd2 Nh6 10. Nf3 c6 11. a4 e6 12. dxe6 Bxe6 13. 0-0 a5 14. Ng5 Qb6+ 15. Kh1 Rae8 16. Nxe6 fxe6 17. g4 Nf7 18. g5 Nd7 19. Rb1 Bd4 20. h4 Nc5 21. Be1 e5 22. f5 Qb3 23. Qxb3 Nxb3 24. Bd1 Nc5 25. Bc2 Na6 26. Na2 b6 27. b4 axb4 28. Nxb4 Nxb4 29. Bxb4 Rb8 30. Rb3 Ra8 31. Rbf3 Kg7 32. Kg2 Bc5 33. Bd2 Rae8 34. h5 gxh5 35. Rh3 h6 36. g6 Ng5 37. Rxh5 d5 38. exd5 Be7 39. Rfh1 e4 40. dxc6 Rxf5 41. Bxe4 Rff8 42. Bd5 Bc5 43. Bc3+ Kxg6 44. Rxh6+ Kf5 45. Rf1+ Kg4 46. Rxf8 Rxf8 47. Rf6 Re8 48. c7 1-0

[Event "ESP-chT CECLUB Honor"]
[Site "Linares"]
[Date "2023.09.16"]
[Round "1.4"]
[White "Amin, Bassem"]
[Black "Shirov, Alexei"]
[Result "1/2-1/2"]
[WhiteElo "2682"]
[BlackElo "2665"]
[PlyCount "110"]
[EventDate "2023.09.16"]
[EventType "team-tourn"]
[EventRounds "7"]
[EventCountry "ESP"]
[SourceTitle "EXT 2024"]
[Source "ChessBase"]
[SourceDate "2023.10.10"]
[SourceVersion "1"]
[SourceVersionDate "2023.10.10"]
[SourceQuality "1"]
[WhiteTeam "Andreu Paterna"]
[BlackTeam "Silla Integrant"]
[WhiteTeamCountry "ESP"]
[BlackTeamCountry "ESP"]

1. Nf3 d5 2. c4 d4 3. b4 Bg4 4. Qb3 Nf6 5. g3 Bxf3 6. Qxf3 c6 7. Bg2 e5 8. Qb3 Nbd7 9. Ba3 a5 10. b5 Bxa3 11. bxc6 bxc6 12. Qxa3 Ra6 13. 0-0 Qe7 14. d3 Qb4 15. Qc1 0-0 16. Nd2 Rb8 17. Rb1 Qf8 18. Qc2 Rb4 19. Nb3 Nc5 20. a3 Rbb6 21. Nd2 g6 22. h3 Qd6 23. Rxb6 Rxb6 24. Rb1 Rxb1+ 25. Qxb1 Qc7 26. Qc2 Kg7 27. Nb3 Nfd7 28. h4 Nxb3 29. Qxb3 Nc5 30. Qc2 h5 31. Kh2 Qd6 32. Qd1 Qc7 33. Qh1 Na4 34. Bxc6 Nc3 35. a4 Nxe2 36. Bb5 Nc3 37. Qf3 Qe7 38. Kg2 f5 39. Qa8 e4 40. c5 Nxb5 41. axb5 exd3 42. b6 d2 43. Qa7 Qxa7 44. bxa7 d1Q 45. a8Q Qc2 46. c6 Qe4+ 47. Kh2 f4 48. Qa7+ Kf6 49. g4 hxg4 50. c7 g3+ 51. fxg3 Qe2+ 52. Kh3 Qe6+ 53. Kg2 Qe2+ 54. Kh3 Qf1+ 55. Kg4 Qe2+ 1/2-1/2

[Event "Julius Baer Rapid Div 2 L"]
[Site "Chess.com INT"]
[Date "2023.09.02"]
[Round "5.1"]
[White "Amin, Bassem"]
[Black "Aronian, Levon"]
[Result "1-0"]
[WhiteElo "2682"]
[BlackElo "2742"]
[PlyCount "59"]
[EventDate "2023.08.31"]
[EventType "k.o. (rapid)"]
[EventRounds "6"]
[EventCountry "GER"]
[SourceTitle "EXT 2024"]
[Source "ChessBase"]
[SourceDate "2023.10.10"]
[SourceVersion "1"]
[SourceVersionDate "2023.10.10"]
[SourceQuality "1"]

1. Nf3 c5 2. g3 Nc6 3. Bg2 g6 4. 0-0 Bg7 5. d3 Nf6 6. e4 0-0 7. Re1 d6 8. c3 e5 9. a4 a6 10. h3 Rb8 11. Be3 b5 12. axb5 axb5 13. Nbd2 Re8 14. d4 exd4 15. cxd4 c4 16. e5 Nd5 17. Bg5 Qd7 18. Ne4 h6 19. Nxd6 hxg5 20. Nxg5 Ncb4 21. Ngxf7 Rf8 22. e6 Qe7 23. Qg4 Qf6 24. Re5 Nd3 25. Bxd5 Qxf2+ 26. Kh1 Bb7 27. Nxb7 Ra8 28. Rg1 Bxe5 29. dxe5 Rxf7 30. Qxg6+ 1-0

[Event "Julius Baer Rapid Div 2 L"]
[Site "Chess.com INT"]
[Date "2023.09.02"]
[Round "4.2"]
[White "Yakubboev, Nodirbek"]
[Black "Amin, Bassem"]
[Result "0-1"]
[WhiteElo "2617"]
[BlackElo "2682"]
[PlyCount "80"]
[EventDate "2023.08.31"]
[EventType "k.o. (rapid)"]
[EventRounds "6"]
[EventCountry "GER"]
[SourceTitle "EXT 2024"]
[Source "ChessBase"]
[SourceDate "2023.10.10"]
[SourceVersion "1"]
[SourceVersionDate "2023.10.10"]
[SourceQuality "1"]

1. d4 Nf6 2. c4 g6 3. Nc3 Bg7 4. e4 d6 5. Be2 0-0 6. Be3 Na6 7. h4 e5 8. h5 exd4 9. Bxd4 Re8 10. h6 Bh8 11. f3 Nb4 12. Qd2 a5 13. Bf2 a4 14. a3 Nc6 15. Nh3 Na5 16. Qc2 Be6 17. Nxa4 b5 18. Nc3 Bxh3 19. Rxh3 bxc4 20. Rd1 Nd7 21. Nb5 Ne5 22. Kf1 Qb8 23. a4 c6 24. Nxd6 Rd8 25. Bc5 Nb3 26. Ba3 c5 27. f4 Rxd6 28. fxe5 Bxe5 29. Bxc4 Nd4 30. Qb1 Rxa4 31. Qa2 Rf6+ 32. Kg1 Bg3 33. b3 Ra8 34. Qb2 Qe5 35. Bd5 Rd8 36. Qd2 Bf4 37. Qd3 Ne6 38. Qc4 Qg5 39. Kh1 Qg4 40. Bb2 Qxd1+ 0-1

[Event "Julius Baer Rapid Div 2 W"]
[Site "Chess.com INT"]
[Date "2023.08.31"]
[Round "2.5"]
[White "Amin, Bassem"]
[Black "Suleymanli, Aydin Elshan"]
[Result "1-0"]
[WhiteElo "2684"]
[BlackElo "2586"]
[PlyCount "87"]
[EventDate "2023.08.30"]
[EventType "k.o. (rapid)"]
[EventRounds "5"]
[EventCountry "GER"]
[SourceTitle "EXT 2024"]
[Source "ChessBase"]
[SourceDate "2023.10.10"]
[SourceVersion "1"]
[SourceVersionDate "2023.10.10"]
[SourceQuality "1"]

1. Nf3 d5 2. g3 Nf6 3. Bg2 e6 4. 0-0 Be7 5. d3 0-0 6. a3 c5 7. Nbd2 Nc6 8. e4 dxe4 9. dxe4 e5 10. c3 Qc7 11. Qe2 h6 12. b4 Be6 13. Bb2 Rfd8 14. b5 Na5 15. c4 Rd4 16. Rfc1 Rad8 17. Bxd4 cxd4 18. Ne1 Nd7 19. Nd3 Nc5 20. Nxc5 Bxc5 21. Qd3 Rc8 22. Bf1 Qe7 23. Nb3 Bb6 24. Nd2 Qd6 25. Qb1 d3 26. Qxd3 Qxd3 27. Bxd3 Rd8 28. c5 Bxc5 29. Rxc5 Rxd3 30. Rc2 Bh3 31. a4 f6 32. f3 Be6 33. Kf2 Kf7 34. Ke2 Rd4 35. Rc7+ Kg6 36. Ra3 Rb4 37. f4 exf4 38. gxf4 f5 39. Rg3+ Kh5 40. Re7 Bc8 41. Rgxg7 fxe4 42. Rxe4 Bg4+ 43. Ke3 Rb2 44. f5 1-0

[Event "FIDE World Cup"]
[Site "Baku"]
[Date "2023.08.07"]
[Round "3.4"]
[White "Amin, Bassem"]
[Black "Grandelius, Nils"]
[Result "1/2-1/2"]
[WhiteElo "2694"]
[BlackElo "2684"]
[PlyCount "144"]
[EventDate "2023.07.30"]
[EventType "k.o."]
[EventRounds "8"]
[EventCountry "AZE"]
[SourceTitle "EXT 2024"]
[Source "ChessBase"]
[SourceDate "2023.10.10"]
[SourceVersion "1"]
[SourceVersionDate "2023.10.10"]
[SourceQuality "1"]

1. Nf3 d5 2. g3 g6 3. Bg2 Bg7 4. d4 Nf6 5. 0-0 0-0 6. c4 c6 7. Nbd2 a5 8. b3 Ne4 9. Bb2 Bf5 10. Nh4 Nxd2 11. Qxd2 Be6 12. f4 a4 13. f5 Bxf5 14. Nxf5 gxf5 15. Rxf5 e6 16. Rff1 axb3 17. axb3 Rxa1 18. Rxa1 Nd7 19. e4 dxe4 20. Bxe4 e5 21. dxe5 Nxe5 22. Qc2 Ng6 23. Rd1 Qe7 24. Bc1 f5 25. Bd3 Ne5 26. Bxf5 Nf3+ 27. Kh1 Kh8 28. Qe4 Qxe4 29. Bxe4 Nd4 30. b4 Ne2 31. Bd2 Rd8 32. Bf3 Nc3 33. Re1 Rxd2 34. Re8+ Bf8 35. Rxf8+ Kg7 36. Rb8 Rd7 37. Kg2 h6 38. Kf2 Na2 39. b5 cxb5 40. cxb5 Nc3 41. b6 Na4 42. Bxb7 Nxb6 43. Bc6 Rf7+ 44. Ke3 Nd7 45. Rb5 Nf6 46. Bf3 Re7+ 47. Kf4 Rf7 48. g4 Nh5+ 49. Ke3 Nf6 50. h3 Nh7 51. Bd5 Re7+ 52. Kf4 Nf6 53. Bb3 Ne8 54. Rb6 Rc7 55. Ke5 Rc5+ 56. Kd4 Rc7 57. Ke5 Rc5+ 58. Ke6 Nf6 59. Kd6 Rc3 60. Rb7+ Kg6 61. Ke5 h5 62. Bf7+ Kg5 63. h4+ Kxh4 64. Kxf6 hxg4 65. Rb4 Rf3+ 66. Kg6 Kg3 67. Bd5 Rf4 68. Rb2 Rd4 69. Bb7 Kf4 70. Kh5 Rd8 71. Rb4+ Ke5 72. Kxg4 Rd4+ 1/2-1/2

[Event "FIDE World Cup"]
[Site "Baku"]
[Date "2023.08.05"]
[Round "3.1"]
[White "Grandelius, Nils"]
[Black "Amin, Bassem"]
[Result "1/2-1/2"]
[WhiteElo "2684"]
[BlackElo "2694"]
[PlyCount "64"]
[EventDate "2023.07.30"]
[EventType "k.o."]
[EventRounds "8"]
[EventCountry "AZE"]
[SourceTitle "EXT 2024"]
[Source "ChessBase"]
[SourceDate "2023.10.10"]
[SourceVersion "1"]
[SourceVersionDate "2023.10.10"]
[SourceQuality "1"]

1. e4 e5 2. Nf3 Nc6 3. Bb5 Nf6 4. 0-0 Nxe4 5. Re1 Nd6 6. Nxe5 Be7 7. Bf1 Nxe5 8. Rxe5 0-0 9. d4 Bf6 10. Re1 Re8 11. Bf4 Rxe1 12. Qxe1 Ne8 13. c3 d5 14. Nd2 g6 15. Nf3 c6 16. Bd3 Ng7 17. Bh6 Nf5 18. Bxf5 Bxf5 19. Qe3 Qe7 20. Qf4 Re8 21. g4 Be4 22. Re1 Bg7 23. Bxg7 Kxg7 24. Nd2 Qh4 25. Qg3 Qd8 26. Nf1 g5 27. Re3 h6 28. a3 Bg6 29. Qf3 Rxe3 30. Qxe3 Qb6 31. Qe2 Qb3 32. Ng3 Qa2 1/2-1/2

[Event "FIDE World Cup"]
[Site "Baku"]
[Date "2023.08.02"]
[Round "2.1"]
[White "Amin, Bassem"]
[Black "Albornoz Cabrera, Carlos Daniel"]
[Result "1/2-1/2"]
[WhiteElo "2694"]
[BlackElo "2591"]
[PlyCount "216"]
[EventDate "2023.07.30"]
[EventType "k.o."]
[EventRounds "8"]
[EventCountry "AZE"]
[SourceTitle "EXT 2024"]
[Source "ChessBase"]
[SourceDate "2023.10.10"]
[SourceVersion "1"]
[SourceVersionDate "2023.10.10"]
[SourceQuality "1"]

1. Nf3 d5 2. g3 g6 3. Bg2 Bg7 4. d4 Nf6 5. 0-0 0-0 6. c4 dxc4 7. Na3 c5 8. Nxc4 cxd4 9. Nxd4 Ng4 10. Nb3 Nc6 11. Bg5 h6 12. Bd2 Be6 13. Rc1 Rc8 14. h3 Nge5 15. Nxe5 Nxe5 16. Nc5 Bxa2 17. Bxb7 Rxc5 18. Rxc5 Qb6 19. Qa4 Qxc5 20. Qxa2 Rb8 21. b4 Qc4 22. Qa6 Rd8 23. Be3 Qxb4 24. Qxa7 Qb5 25. Ba6 Qd7 26. Qxd7 Rxd7 27. Rc1 Rd6 28. Bb7 Kh7 29. Kg2 Bf6 30. Rc5 Nd7 31. Rc8 Nb6 32. Rc2 Nd7 33. Rc7 Nf8 34. Bc8 Ne6 35. Rd7 Rxd7 36. Bxd7 Nd4 37. Kf1 h5 38. Bd2 Kg7 39. e3 Nf5 40. Ke2 Nd6 41. Kd3 Kf8 42. Bb4 h4 43. g4 g5 44. f4 Kg7 45. Bc5 Nb7 46. Bb6 Nd6 47. Bc6 Kg6 48. Bc5 Bg7 49. Ke2 Bc3 50. Bd5 Bf6 51. Bb4 Bg7 52. Kf3 Bf6 53. Bb3 Kg7 54. Bd2 Kg6 55. Bc1 Kg7 56. Bd5 Kg6 57. Ke2 Bg7 58. Kd3 Ba1 59. Bd2 Bg7 60. Be1 Ba1 61. Bf2 f5 62. Be6 fxg4 63. hxg4 Kf6 64. Bd5 e5 65. f5 Bb2 66. Be1 h3 67. Ke2 e4 68. Kf2 Be5 69. Bb4 h2 70. Kg2 Kg7 71. Ba5 Ne8 72. Bxe4 Nf6 73. Bf3 Kh6 74. Bb6 Kg7 75. Bc5 Kf7 76. Kh3 Nd7 77. Bb4 Nf6 78. Bd2 Kg7 79. Kg2 Nd7 80. Bb4 Kf7 81. Bd5+ Kg7 82. Ba5 Nf6 83. Bf3 Nd7 84. Bd8 Nf6 85. Bb6 Kf7 86. Bd4 Bd6 87. Kh3 Bc7 88. Bc3 Bd6 89. Kg2 Bc7 90. Bd2 Nd7 91. Bd5+ Kf6 92. Bc3+ Be5 93. Bd4 Nf8 94. Bc6 Nh7 95. Bc5 Kg7 96. Bd4 Kf6 97. Kf2 Nf8 98. Bh1 Nd7 99. Kf3 Ke7 100. Ke4 Kd6 101. f6 Bxd4 102. exd4 Ke6 103. f7 Nf6+ 104. Kf3 Kxf7 105. Kg3 Ke6 106. Bf3 Kd6 107. Kxh2 Nxg4+ 108. Bxg4 Kd5 1/2-1/2

[Event "Julius Baer Play In"]
[Site "Chess.com INT"]
[Date "2023.07.24"]
[Round "2.76"]
[White "Amin, Bassem"]
[Black "Danielyan, Vahe"]
[Result "1-0"]
[WhiteElo "2694"]
[BlackElo "2346"]
[PlyCount "131"]
[EventDate "2023.07.24"]
[EventType "swiss (rapid)"]
[EventRounds "9"]
[EventCountry "GER"]
[SourceTitle "CBM 215 Extra"]
[Source "ChessBase"]
[SourceDate "2023.09.30"]
[SourceVersion "1"]
[SourceVersionDate "2023.09.30"]
[SourceQuality "1"]

1. Nf3 Nf6 2. g3 g6 3. Bg2 Bg7 4. 0-0 0-0 5. d3 d5 6. Nbd2 c5 7. e4 Nc6 8. Re1 e5 9. exd5 Nxd5 10. c3 Re8 11. Qb3 Nc7 12. Ne4 Be6 13. Qa4 Na6 14. Nfg5 Qxd3 15. Rd1 Qc4 16. Qxc4 Bxc4 17. Nd6 Be2 18. Re1 Bg4 19. Nxe8 Rxe8 20. Be3 Rd8 21. h3 Bf5 22. Ne4 Bf8 23. Red1 Rb8 24. Nf6+ Kg7 25. Nd7 Rc8 26. g4 Be6 27. Nxf8 Kxf8 28. Rd6 Ke7 29. Rad1 f6 30. f4 Rc7 31. Bxc6 Rxc6 32. Rxc6 bxc6 33. fxe5 fxe5 34. Bg5+ Kf7 35. Rd6 Nb8 36. a4 c4 37. Rd8 Nd7 38. Be3 h5 39. gxh5 gxh5 40. Kh2 e4 41. Bxa7 c5 42. a5 e3 43. Kg3 h4+ 44. Kf3 Bxh3 45. Rh8 Bg4+ 46. Kxe3 h3 47. a6 Kg7 48. Rh4 Be6 49. Bb8 Kg6 50. a7 Nb6 51. Bc7 Nd5+ 52. Ke4 Nxc7 53. Ke5 Bf5 54. Rh8 Bg4 55. Rg8+ Kh5 56. Kf4 Be6 57. Re8 Bd5 58. Rh8+ Kg6 59. Rxh3 Kf6 60. Rh6+ Ke7 61. Ke5 Ba8 62. Rh7+ Kd8 63. Kd6 Ne8+ 64. Kxc5 Kc8 65. Kb6 Nc7 66. Rxc7+ 1-0

[Event "Julius Baer Play In"]
[Site "Chess.com INT"]
[Date "2023.07.24"]
[Round "4.52"]
[White "Amin, Bassem"]
[Black "Kamsky, Gata"]
[Result "1-0"]
[WhiteElo "2694"]
[BlackElo "2655"]
[PlyCount "107"]
[EventDate "2023.07.24"]
[EventType "swiss (rapid)"]
[EventRounds "9"]
[EventCountry "GER"]
[SourceTitle "CBM 215 Extra"]
[Source "ChessBase"]
[SourceDate "2023.09.30"]
[SourceVersion "1"]
[SourceVersionDate "2023.09.30"]
[SourceQuality "1"]

1. Nf3 Nf6 2. g3 g6 3. Bg2 Bg7 4. 0-0 0-0 5. c4 c6 6. b3 d5 7. Bb2 a5 8. d3 a4 9. b4 dxc4 10. dxc4 Qxd1 11. Rxd1 Ne4 12. Bxg7 Kxg7 13. a3 Nd7 14. Nbd2 Nd6 15. c5 Nb5 16. Nc4 Nf6 17. Nd4 Nxd4 18. Rxd4 Be6 19. Nb6 Rad8 20. Rad1 Rxd4 21. Rxd4 Bb3 22. b5 e5 23. bxc6 exd4 24. cxb7 Rb8 25. c6 Ne8 26. Nd7 Rd8 27. b8Q Rxb8 28. Nxb8 Nc7 29. Nd7 f5 30. Kf1 Kf7 31. Ke1 Ke7 32. Kd2 Nb5 33. Nc5 Kd6 34. Nxb3 axb3 35. Kc1 Nxa3 36. Kb2 Nc4+ 37. Kxb3 Ne5 38. Kb4 d3 39. exd3 Nxd3+ 40. Kb5 Kc7 41. f4 Nf2 42. Bf3 h6 43. Kc5 g5 44. Kd4 gxf4 45. gxf4 h5 46. Ke3 Ng4+ 47. Bxg4 fxg4 48. f5 Kxc6 49. Kf4 Kd6 50. Kg5 Ke5 51. f6 Ke6 52. Kg6 h4 53. f7 g3 54. f8Q 1-0

[Event "Julius Baer Play In"]
[Site "Chess.com INT"]
[Date "2023.07.24"]
[Round "9.14"]
[White "Mamedyarov, Shakhriyar"]
[Black "Amin, Bassem"]
[Result "0-1"]
[WhiteElo "2742"]
[BlackElo "2694"]
[PlyCount "70"]
[EventDate "2023.07.24"]
[EventType "swiss (rapid)"]
[EventRounds "9"]
[EventCountry "GER"]
[SourceTitle "CBM 215 Extra"]
[Source "ChessBase"]
[SourceDate "2023.09.30"]
[SourceVersion "1"]
[SourceVersionDate "2023.09.30"]
[SourceQuality "1"]

1. d4 Nf6 2. c4 g6 3. Nc3 Bg7 4. g3 0-0 5. Bg2 d6 6. Nf3 Nc6 7. 0-0 e5 8. h3 Re8 9. d5 Nb8 10. e4 a5 11. Be3 Na6 12. a3 Bd7 13. Nd2 Rf8 14. Rb1 Nc5 15. b4 axb4 16. axb4 Na4 17. Ne2 Nh5 18. c5 Bb5 19. Rb3 f5 20. exf5 gxf5 21. Re1 f4 22. gxf4 Nxf4 23. Bxf4 exf4 24. Nf3 Qf6 25. Ned4 Bc4 26. Re6 Bxb3 27. Qxb3 Qd8 28. Re1 Bxd4 29. Nxd4 Qf6 30. Ne6 Rf7 31. c6 bxc6 32. dxc6 f3 33. Bf1 Kh8 34. Kh1 Rg8 35. Re3 Qg6 0-1